Author-Character Mix Quiz Stats

 Plays Quiz Updated Jan 8, 2016

Challenge
Share
Tweet
Score 0/35 Timer 04:00
0 Plays Today
% Correct
Juliet Shakespeare
94.8%
Tom Twain
94.1%
Jay Fitzgerald
93.4%
Sherlock Doyle
93%
Jane Brontë
91.9%
Anna Tolstoy
91.8%
James Fleming
90%
Robinson Defoe
88.7%
Bill Dickens
88.5%
Elizabeth Austen
88.2%
Scarlett Mitchell
86.1%
Holly Capote
86%
Hannibal Harris
84.4%
Boo Lee
82.4%
Jo Alcott
78.5%
Holden Salinger
77.3%
Billy Vonnegut
77%
Lennie Steinbeck
71.9%
% Correct
Leopold Joyce
69.6%
Franz Samsa
68.3%
Sancho Cervantes
67.7%
Dean Kerouac
66.5%
Humbert Nabokov
66.4%
Lisbeth Larsson
65.3%
Jack King
63.1%
Yuri Pasternak
60.7%
Ramona Cleary
59.1%
Sam Hammett
54.3%
Philip Chandler
52.3%
Newland Wharton
48%
George LeCarre
47.8%
Rabbit Updike
46.4%
Augie Bellow
43.7%
Alexander Roth
42.2%
Patrick Ellis
40.1%

You're not logged in!

Compare scores with friends on all Sporcle quizzes.
OR
Log In

You Might Also Like...

Show Comments

Extras

Top Quizzes Today


Score Distribution

Your Account Isn't Verified!

In order to create a playlist on Sporcle, you need to verify the email address you used during registration. Go to your Sporcle Settings to finish the process.

Report this User

Report this user for behavior that violates our Community Guidelines.

Details: